|
|
|
|
| LEADER |
01688nam a2200385 a 4500 |
| 001 |
29812 |
| 003 |
BD-DhAAL |
| 005 |
20150827121155.0 |
| 008 |
150827s2013 enkab b 001 0 eng d |
| 015 |
|
|
|a GBB282227
|2 bnb
|
| 016 |
7 |
|
|a 016152602
|2 Uk
|
| 020 |
|
|
|a 9781408276747 (pbk.)
|
| 020 |
|
|
|a 1408276747 (pbk.)
|
| 035 |
|
|
|a 8026654
|
| 035 |
|
|
|a (OCoLC)808493857
|
| 040 |
|
|
|a UKMGB
|b eng
|c UKMGB
|d OCLCO
|d BTCTA
|d YDXCP
|d BWX
|d UV0
|d KIJ
|d NIC
|d BD-DhAAL
|
| 050 |
|
4 |
|a P40
|b .H66 2001P40
|
| 082 |
0 |
4 |
|a 306.44
|2 23
|
| 100 |
1 |
|
|a Holmes, Janet,
|d 1947-
|9 14238
|
| 245 |
1 |
3 |
|a An introduction to sociolinguistics /
|c Janet Holmes.
|
| 250 |
|
|
|a 4th ed.
|
| 260 |
|
|
|a Harlow, England :
|b Pearson,
|c 2013.
|
| 300 |
|
|
|a xix, 489 p. :
|b ill., maps ;
|c 25 cm.
|
| 490 |
1 |
|
|a Learning about language
|
| 500 |
|
|
|a Previous ed.: 2008.
|
| 504 |
|
|
|a Includes bibliographical references (p. 454-474) and index.
|
| 541 |
|
|
|e 29812
|
| 650 |
|
0 |
|a Sociolinguistics.
|9 6599
|
| 650 |
|
7 |
|a Sociolinguistics
|2 fast
|9 6599
|
| 830 |
|
0 |
|a Learning about language.
|9 14239
|
| 942 |
|
|
|2 ddc
|c BK
|
| 999 |
|
|
|c 35376
|d 35376
|
| 952 |
|
|
|0 0
|1 0
|2 ddc
|4 0
|6 306_440000000000000_HOL
|7 0
|9 55604
|a BRACUL
|b BRACUL
|c GEN
|d 2015-08-27
|e Karim International
|g 2350.00
|l 16
|m 66
|o 306.44 HOL
|p 3010029812
|r 2026-05-16
|s 2026-05-13
|t 1
|w 2015-08-27
|y BK
|
| 952 |
|
|
|0 0
|1 0
|2 ddc
|4 0
|6 306_440000000000000_HOL
|7 0
|9 55605
|a BRACUL
|b BRACUL
|c GEN
|d 2015-08-27
|e Karim International
|g 2350.00
|l 12
|m 92
|o 306.44 HOL
|p 3010029813
|r 2026-05-16
|s 2026-05-13
|t 2
|w 2015-08-27
|y BK
|
| 952 |
|
|
|0 0
|1 0
|2 ddc
|4 0
|6 306_440000000000000_HOL
|7 0
|9 55606
|a BRACUL
|b BRACUL
|c GEN
|d 2015-08-27
|e Karim International
|g 2350.00
|l 9
|m 99
|o 306.44 HOL
|p 3010029814
|r 2026-04-18
|s 2026-03-07
|t 3
|w 2015-08-27
|y BK
|